| 000 | 00468nam a2200181Ia 4500 | ||
|---|---|---|---|
| 008 | 120921t2009 xxu||||| |||| 00| 0 sin d | ||
| 041 | _asin | ||
| 080 |
_a8 - 31 (Rusian) _bDOS |
||
| 100 | _aDosthayewsky,Piyodar | ||
| 245 | _aදිවා රෑ | ||
| 246 | _aDiwa Ra | ||
| 260 |
_aKurulu Book _aRajagiriya _c2009 |
||
| 300 | _b340p, ill, 21 cm | ||
| 700 |
_aRudrigu,Dadigama V. _etr. |
||
| 942 | _cBK | ||
| 999 |
_c42010 _d42010 |
||
| 003 | LK-CoDNM | ||
| 040 |
_aLK-CoDNM _dLK-CoDNM _eLK-CoDNM |
||